ENHYPEN (Kpop) - Statistics

General Stats
  • This quiz has been taken 1,966 times
  • The average score is 5 of 7
Answer Stats
stage name real name % Correct
heeseung lee heeseung
93%
sunghoon park sunghoon
90%
jungwon yang jungwon
90%
ni-ki nishimura riki
83%
jake sim jaeyun
67%
jay park jongseong
65%
sunoo kim sunwoo
52%
No matching quizzes found
Score Distribution
Percent of People with Each Score
Percentile by Number Answered
Your Score History
You have not taken this quiz